| 000 | 004610000a22001330004500 | ||
|---|---|---|---|
| 005 | 20231213122347.0 | ||
| 008 | 230817t1989 ||||| |||| 00| 0 eng d | ||
| 082 |
_a370.954 _bEDU |
||
| 245 |
_aEducation and Training in Sri Lanka: (An Asian Development Bank Sponsored Project) _bOverview: _nVol. 1 |
||
| 260 |
_aNew Delhi: _bEducational Consultants India Limited, _c1989 |
||
| 300 |
_axl, 358 p. _bBibliography included |
||
| 650 | _aEDUCATION-Sri Lanka | ||
| 942 | _cRP | ||
| 999 |
_c1799 _d1799 |
||